Проектирование информационной системы оценки и анализа индивидуального профессионального риска работника; Прогрессивные технологии и экономика в машиностроении
| Parent link: | Прогрессивные технологии и экономика в машиностроении.— 2022.— [С. 139-141] |
|---|---|
| Autor Principal: | |
| Autor Corporativo: | |
| Outros autores: | |
| Summary: | Заглавие с экрана В статье рассматривается предметная область по оценке и анализу индивидуального профессионального риска работника; выделены бизнес-процессы - функции будущей информационной системы; построена модель бизнес-процессов «как должно быть». The article deals with the subject area for assessing and analyzing the individual professional risk of an employee; highlighted business processes - the functions of the future information system; a model of business processes "as it should be" is built. |
| Idioma: | ruso |
| Publicado: |
2022
|
| Series: | Информационные технологии, экономика, управление |
| Subjects: | |
| Acceso en liña: | http://earchive.tpu.ru/handle/11683/70687 |
| Formato: | Electrónico Capítulo de libro |
| KOHA link: | https://koha.lib.tpu.ru/cgi-bin/koha/opac-detail.pl?biblionumber=634251 |
MARC
| LEADER | 00000naa2a2200000 4500 | ||
|---|---|---|---|
| 001 | 634251 | ||
| 005 | 20231102024721.0 | ||
| 035 | |a (RuTPU)RU\TPU\conf\36036 | ||
| 035 | |a RU\TPU\conf\36034 | ||
| 090 | |a 634251 | ||
| 100 | |a 20220418d2022 k y0rusy50 ca | ||
| 101 | 0 | |a rus |d eng | |
| 102 | |a RU | ||
| 105 | |a y z 101zy | ||
| 135 | |a drgn ---uucaa | ||
| 181 | 0 | |a i | |
| 182 | 0 | |a b | |
| 200 | 1 | |a Проектирование информационной системы оценки и анализа индивидуального профессионального риска работника |f А. Ю. Галямин |g науч. рук. Е. В. Телипенко | |
| 203 | |a Текст |c электронный | ||
| 225 | 1 | |a Информационные технологии, экономика, управление | |
| 230 | |a 1 компьютерный файл (pdf; 184 Kb) | ||
| 300 | |a Заглавие с экрана | ||
| 320 | |a [Библиогр.: с. 141 (2 назв.)] | ||
| 330 | |a В статье рассматривается предметная область по оценке и анализу индивидуального профессионального риска работника; выделены бизнес-процессы - функции будущей информационной системы; построена модель бизнес-процессов «как должно быть». | ||
| 330 | |a The article deals with the subject area for assessing and analyzing the individual professional risk of an employee; highlighted business processes - the functions of the future information system; a model of business processes "as it should be" is built. | ||
| 463 | 0 | |0 (RuTPU)RU\TPU\conf\35989 |t Прогрессивные технологии и экономика в машиностроении |o сборник трудов XIII Всероссийской научно-практической конференции для студентов и учащейся молодежи, 7-9 апреля 2022 г., Юрга |f Национальный исследовательский Томский политехнический университет (ТПУ), Юргинский технологический институт (ЮТИ) ; под ред. А. А. Сапрыкина |v [С. 139-141] |d 2022 | |
| 610 | 1 | |a электронный ресурс | |
| 610 | 1 | |a труды учёных ТПУ | |
| 610 | 1 | |a предметные области | |
| 610 | 1 | |a информационные системы | |
| 610 | 1 | |a профессиональные риски | |
| 610 | 1 | |a бизнес-процессы | |
| 610 | 1 | |a предприятия | |
| 610 | 1 | |a документы | |
| 610 | 1 | |a отчеты | |
| 610 | 1 | |a учет | |
| 610 | 1 | |a анализ | |
| 610 | 1 | |a risk assessment | |
| 610 | 1 | |a individual occupational risk | |
| 610 | 1 | |a enterprise | |
| 610 | 1 | |a directory | |
| 610 | 1 | |a document | |
| 610 | 1 | |a report | |
| 610 | 1 | |a accounting | |
| 610 | 1 | |a analysis | |
| 700 | 1 | |a Галямин |b А. Ю. | |
| 702 | 1 | |a Телипенко |b Е. В. |c специалист в области информатики и вычислительной техники |c доцент Томского политехнического университета, кандидат технических наук |f 1985- |g Елена Викторовна |2 stltpush |4 727 | |
| 712 | 0 | 2 | |a Томский политехнический университет |b Юргинский технологический институт |c (2003-2009) |2 stltpush |3 (RuTPU)RU\TPU\col\12451 |9 25408 |
| 801 | 2 | |a RU |b 63413507 |c 20220419 |g RCR | |
| 856 | 4 | |u http://earchive.tpu.ru/handle/11683/70687 | |
| 942 | |c BK | ||